000 00873nam a2200241Ia 4500
001 34496
003 DR-UNIBE
005 20251204151551.0
008 25120111986 dr spa
040 _cBIBLIOTECA UNIBE
_erda
_aBIBLIOTECA UNIBE
_bspa
041 _aspa
082 _aF-RD 6012
100 0 _aArmenteros Rius, Enrique
_931301
245 0 _aSituación forestal en República Dominicana :
_bdocumento base de discusión para la toma de decisiones /
_cEnrique Armenteros Rius, Merilio G. Morell
260 4 _aSanto Domingo :
_bFundación Progressio,
_c1986
300 4 _a28 páginas
490 _aPROGRESSIO ;
_v2
650 4 _aForestación
_zRepública Dominicana
_930958
650 4 _aReforestación
_zRepública Dominicana
_931298
650 4 _aBosques
_zRepública Dominicana
_929736
700 _aMorell, Merilio G
_931297
942 _2ddc
_cMX
999 _c114246
_d114246